<?xml version="1.0" encoding="UTF-8"?><?xml-stylesheet type="text/xsl" href="static/style.xsl"?><OAI-PMH xmlns="http://www.openarchives.org/OAI/2.0/" xmlns:xsi="http://www.w3.org/2001/XMLSchema-instance" xsi:schemaLocation="http://www.openarchives.org/OAI/2.0/ http://www.openarchives.org/OAI/2.0/OAI-PMH.xsd"><responseDate>2026-06-01T03:34:36Z</responseDate><request verb="GetRecord" identifier="oai:riuma.uma.es:10630/7889" metadataPrefix="marc">https://riuma.uma.es/rest/oai/request</request><GetRecord><record><header><identifier>oai:riuma.uma.es:10630/7889</identifier><datestamp>2026-02-03T11:51:23Z</datestamp><setSpec>com_10630_2254</setSpec><setSpec>col_10630_37959</setSpec></header><metadata><record xmlns="http://www.loc.gov/MARC21/slim" xmlns:dcterms="http://purl.org/dc/terms/" xmlns:doc="http://www.lyncode.com/xoai" xmlns:xsi="http://www.w3.org/2001/XMLSchema-instance" xsi:schemaLocation="http://www.loc.gov/MARC21/slim http://www.loc.gov/standards/marcxml/schema/MARC21slim.xsd">
   <leader>00925njm 22002777a 4500</leader>
   <datafield ind2=" " ind1=" " tag="042">
      <subfield code="a">dc</subfield>
   </datafield>
   <datafield ind2=" " ind1=" " tag="720">
      <subfield code="a">Caro-Herrero, José Luis</subfield>
      <subfield code="e">author</subfield>
   </datafield>
   <datafield ind2=" " ind1=" " tag="720">
      <subfield code="a">Luque-Gil, Ana María</subfield>
      <subfield code="e">author</subfield>
   </datafield>
   <datafield ind2=" " ind1=" " tag="720">
      <subfield code="a">Zayas-Fernández, Belén</subfield>
      <subfield code="e">author</subfield>
   </datafield>
   <datafield ind2=" " ind1=" " tag="260">
      <subfield code="c">2014-07-23</subfield>
   </datafield>
   <datafield ind2=" " ind1=" " tag="520">
      <subfield code="a">El uso intensivo por parte del turista de las Nuevas Tecnologías de la Información y las Comunicaciones (NTIC), tanto en&#xd;
la organización como en el desarrollo del viaje, han revolucionado la forma de promocionar un territorio turístico ya que,&#xd;
cualquier destino que pretenda ser competitivo debe actualizar continuamente toda aquella información que pueda ser de&#xd;
interés para el visitante (localización e interpretación de los recursos, horarios de equipamientos y servicios, etc.),&#xd;
especialmente si este pertenece al segmento del turismo cultural, tipología de usuario que demanda gran cantidad de&#xd;
información sobre los recursos de un destino y cuya motivación principal es el disfrute de los bienes culturales.&#xd;
Este turista, consumidor de TIC, se ha transformando en un usuario 2.0, caracterizado por estar altamente conectado y, por&#xd;
tanto, hacer un uso constante de la red mediante su dispositivo móvil, junto a esto ha pasado de ser un mero visualizador a&#xd;
un generador de información en redes sociales, blogs, etc., y colabora de forma activa aportando su opinión sobre el&#xd;
destino mediante los sistemas de reputación on-line. En consecuencia, surge el turista 2.0, que requiere de información del&#xd;
territorio turístico, en el proceso de anticipación (promoción y marketing), experiencia (comunicación) y recreación&#xd;
(búsqueda de más información, publicaciones y recomendaciones) del viaje turístico.&#xd;
Este artículo analiza y clasifica las TIC y, especialmente las de tipo geográfico (TIG), vinculadas con la interpretación,&#xd;
promoción y puesta en explotación turística de recursos culturales. Así, se abordarán tanto herramientas más tradicionales&#xd;
como tecnologías de una actualidad manifiesta en el ámbito de la promoción y puesta en valor del patrimonio cultural.</subfield>
   </datafield>
   <datafield ind1="8" ind2=" " tag="024">
      <subfield code="a">http://hdl.handle.net/10630/7889</subfield>
   </datafield>
   <datafield tag="653" ind2=" " ind1=" ">
      <subfield code="a">Turismo cultural</subfield>
   </datafield>
   <datafield ind2="0" ind1="0" tag="245">
      <subfield code="a">Aplicaciones tecnológicas para la promoción de los recursos turísticos culturales</subfield>
   </datafield>
</record>
</metadata></record></GetRecord></OAI-PMH>